Magicians terminology - Statistics

General Stats
  • This quiz has been taken 28 times
  • The average score is 9 of 20
Answers on the Grid
Answers color-coded by a green-red scale on the quiz's grid according to % correct below.
Amazing joe
Ambitious card
Break
Breather crimp
Double lift
Double slide
Elmsley count
Eraser
False cut
Faro
Force
French drop
Ghost change
Invisible deck
Jordan Count
Key card
Mirror
Miser's dream
Monte
Out of this world
Paint
Pacemaker
Pass
Pianoman
Pinky count
Second deal
Shell
Supporter
The locker
The sleeve catch
Toy
Triumph
 
Answer Stats
Answer % Correct
False cut
86%
Double lift
71%
Break
57%
French drop
57%
Ambitious card
50%
Faro
50%
Force
50%
Invisible deck
50%
Key card
50%
Pinky count
50%
Elmsley count
43%
Monte
43%
Pass
43%
Breather crimp
36%
Miser's dream
36%
Out of this world
36%
Second deal
36%
Shell
36%
Triumph
36%
Jordan Count
21%
No matching quizzes found
Score Distribution
Percent of People with Each Score
Percentile by Number Answered
Your Score History
You have not taken this quiz